• 首页
  • 本馆介绍
  • 公告通知
  • 最新文献
  • 馆藏检索
  • 电子资源
  • 读者导购
  • 参考咨询
  • 我的图书馆
  • 登录
  • 详细信息显示
  • 放入我的书架
  • 预约/预借图书
  • 作者相关作品
  • 分类相关作品
  • 丛书相关作品
  • 出版社相关作品

书目信息

  • 表格格式
  • 工作单格式
  • 卡片格式
题名:
中化地质矿山总局65年发展简史
    
 
作者: 屈权 主编
分册:  
出版信息: 北京   化学工业出版社  2020.6
页数: 451页
开本: 26cm
丛书名:
单 册:
中图分类: P62
科图分类:
主题词: 矿山地质--地质勘探--行政事业单位--概况--中国
电子资源:
ISBN: 978-7-122-31241-9
000 01022nam0 2200241 45
001 012001002251
005 20140913152458.0
010    @a978-7-122-31241-9@b精装@dCNY98.00
100    @a20180731d2018 em y0chiy50 ea
101 0  @achi
102    @aCN@b110000
105    @aac z 000yd
106    @ar
200 1  @a中化地质矿山总局65年发展简史@Azhong hua di zhi kuang shan zong ju 65 nian fa zhan jian shi@b专著@f中化地质矿山总局组织编写
210    @a北京@c化学工业出版社@d2020.6
215    @a451页@c图,照片,肖像@d26cm
314    @a主编:屈权
330    @a本书回顾了化工地质矿山六十五年发展历程,反映了化工地质矿山队伍在国家化学工业乃至经济社会发展中的重要地位和独特作用,展示了一代代中化地矿人的时代精神和家国情怀。主要内容包括:组织与机构、地质勘查、矿山建设、矿山生产、矿山管理、改革与发展、党建与群团、人物与荣誉、成果与贡献等。
606 0  @a矿山地质@x地质勘探@x行政事业单位@x概况@y中国
690    @aP62@v5
701  0 @a屈权@Aqu quan@4主编
801  0 @aCN@bBJSDL@c20211011
905    @b1339009-12@dP62@e157@f4
    
    中化地质矿山总局65年发展简史/中化地质矿山总局组织编写.-北京:化学工业出版社,2020.6
    451页:图,照片,肖像;26cm
    
    
    ISBN 978-7-122-31241-9(精装):CNY98.00
    本书回顾了化工地质矿山六十五年发展历程,反映了化工地质矿山队伍在国家化学工业乃至经济社会发展中的重要地位和独特作用,展示了一代代中化地矿人的时代精神和家国情怀。主要内容包括:组织与机构、地质勘查、矿山建设、矿山生产、矿山管理、改革与发展、党建与群团、人物与荣誉、成果与贡献等。
●
相关链接 在E读中查询图书 在五车中查询图书 在当当中查询图书 在豆瓣中查询图书


正题名:中化地质矿山总局65年发展简史     索取号:P62/157         预约/预借

序号 登录号 条形码 馆藏地/架位号 状态 备注
1 1339009   213390098   第二样本阅览室/ [索取号:P62/157] 在馆    
2 1339010   213390105   第三借阅区/ [索取号:P62/157] 在馆    
3 1339011   213390114   第三借阅区/ [索取号:P62/157] 在馆    
4 1339012   213390123   第三借阅区/ [索取号:P62/157] 在馆    
唐山师范学院图书馆 欢迎您!
大连网信软件有限公司© 版权所有